Sports Quiz

Random Sports Quiz

2011 Chiefs pitchers with a win Quiz Stats

Quiz not verified by Sporcle

Challenge
Share
Tweet
Embed
Score 0/17 Timer 10:00
0 Plays Today
Number of wins Pitcher % Correct
6Ross Detwiler
75%
4Jeff Mandel
75%
3J.D. Martin
75%
12Tom Milone
75%
5Brad Peacock
75%
1Atahualpa Severino
75%
10 Craig Stammen
75%
3Josh Wilkie
75%
2Collin Balester
50%
Number of wins Pitcher % Correct
1Cole Kimball
50%
4Yunesky Maya
50%
2Adam Carr
25%
6Brad Meyers
25%
1Zech Zinicola
25%
1Evan Bronson
0%
2 Lee Hyde
0%
3Ryan Tatusko
0%

You're not logged in!

Compare scores with friends on all Sporcle quizzes.
Sign Up with Email
OR
Log In

You Might Also Like...

Show Comments

Extras

Top Quizzes Today


Score Distribution

Your Account Isn't Verified!

In order to create a playlist on Sporcle, you need to verify the email address you used during registration. Go to your Sporcle Settings to finish the process.

Report this User

Report this user for behavior that violates our Community Guidelines.

Details: